00401cam a2200157ua 45000010005000000080039000050400009000440820013000531000015000662450045000812500009001262600034001353000017001696530027001866530030002134132111219n ii |||gr||||Z||||||asm cMAIN a891.45131 aShilvadra,11aBishakh aru anyanya golpacby. Shilvadra a1st. aGuwahati:bBaruah agency,993. a116p:c23cm. aAssamese short stories aBishakh aru anyanya golpa